| 000 | 01181nam a22001937a 4500 | ||
|---|---|---|---|
| 008 | 230811s2023 xxk|||||o|||| 00| 0 eng d | ||
| 041 | _aeng | ||
| 110 | _aRoyal Institution of Chartered Surveyors | ||
| 245 |
_aGlobal Commercial Property Monitor _bQ1 2023 _h[Electronic resource] |
||
| 260 |
_aLondon, _bRoyal Institution of Chartered Surveyors, _cMay 2023 |
||
| 490 |
_aRICS Global Commercial Property Monitor _vQ1 2023 |
||
| 520 | _aContrasting fortunes in real estate with much of APAC and MEA recording more positive trends. • Commercial Property Sentiment Index turns slightly less negative at a global level • Regional trends are varied however, with MEA continuing to perform relatively strongly • China shows significant rebound in key sentiment metrics • Deteriorating credit conditions remain a drag on investor enquiries in more mature markets | ||
| 650 | _aCOMMERCIAL PROPERTY | ||
| 651 | _aInternational | ||
| 690 |
_96227 _aCommercial property |
||
| 710 | _aRoyal Institution of Chartered Surveyors | ||
| 856 |
_uhttps://www.rics.org/profession-standards/knowledge-and-information-services _zArchived - please email [email protected] |
||
| 942 | _n0 | ||
| 999 |
_c121642 _d121642 |
||